000 00530nam a2200181Ia 4500
005 20250508151804.0
008 008 250505s9999 xx 000 0 eng d
037 _aReference
040 _aFEDL
_beng
_cFEDL
041 _aeng
_2eng
084 _a001.422, GAR/RR
_qFEDL
100 _aGarrett Henry E
245 0 _aStatistics in psychology and education
260 _aBombay, India
_bAllied Publishers Private Limited
_c1926
300 _a478p.
942 _cREF
_h001.422, GAR/RR
999 _c1332163
_d1332163